Crecimiento y características del turismo en Guatemala: el caso de San Juan La Laguna, Sololá /
El autor plantea inquietud relativa a la relación entre cultura indígena y occidental, pero aplicándola a otro caso de la comunidad maya. No obstante, en este caso se examina con más detalles los asuntos sobre la calidad de servicios y la infraestructura, que le permitan a los grupos locales captar...
Αποθηκεύτηκε σε:
| Κύριος συγγραφέας: | |
|---|---|
| Μορφή: | Κείμενο |
| Θέματα: | |
| Ετικέτες: |
Προσθήκη ετικέτας
Δεν υπάρχουν, Καταχωρήστε ετικέτα πρώτοι!
|
MARC
| LEADER | 00000 a a2200000 04500 | ||
|---|---|---|---|
| 001 | 43117 | ||
| 003 | |||
| 040 | |||
| 100 | |a Rascón, Enrique | ||
| 245 | |a Crecimiento y características del turismo en Guatemala: |b el caso de San Juan La Laguna, Sololá / |c Enrique Rascón | ||
| 520 | |a El autor plantea inquietud relativa a la relación entre cultura indígena y occidental, pero aplicándola a otro caso de la comunidad maya. No obstante, en este caso se examina con más detalles los asuntos sobre la calidad de servicios y la infraestructura, que le permitan a los grupos locales captar una cantidad de turistas. | ||
| 590 | |a RRA/MAYO2012 | ||
| 650 | |a 1.TURISMO | ||
| 650 | |a 2.POBLACION INDIGENA | ||
| 650 | |a 3.CULTURA | ||
| 650 | |a 4.RELACIONES CULTURALES | ||
| 650 | |a 5.GUATEMALA | ||
| 773 | |g volumen2, número1 , páginas 306-338 | ||
| 999 | |c 39532 |d 39532 | ||
